| 000 | 01069nam a2200253Ia 4500 | ||
|---|---|---|---|
| 001 | 18383 | ||
| 003 | GE_BSU | ||
| 008 | 181216s||||||||xx |||||||||||||| ||und|| | ||
| 020 | _a978-9941-0-5850-9 | ||
| 040 | _cGE_BSU | ||
| 080 | _a342.743(479.22) | ||
| 100 | _aხარაზი, ია | ||
| 245 | _aსაქართველოს საგადასახადო სამართალი. ნაწ. 2. | ||
| 245 | _cრედ. ზაურ ჯინჯოლავა. | ||
| 250 | _aსაქ. დავით აღმაშენებლის სახ. უნ-ტი. | ||
| 260 | _aთბილისი | ||
| 260 | _bსაქ. დავით აღმაშენებლის სახ. უნ-ტი | ||
| 260 | _c2014 | ||
| 300 | _a736 გვ.20სმ. + 1 CD. | ||
| 300 | _eბიბლიოგრ. ტექსტ. შენიშვნ. და გვ. 727-735. | ||
| 541 | _h32ლ. | ||
| 653 | _aსაქართველოს საგადასახადო სამართალი. ნაწ. 2. | ||
| 942 | _cBK | ||
| 999 |
_c51398 _d51398 |
||